000 00522nam a2200157 a 4500
008 120416s0000 ||||||||||||||||| || u
020 _a0500540578
050 _aTR 624 Fei
100 _aFeininger, Andreas
245 1 4 _aThe complete photographer
250 _arev. ed.
260 _aLondon
_bThomas and Hudson
_c1978
300 _ax, 396p. : ill.
350 _a0.00
995 _D0.00
_FCBU-MAIN LIBRARY (Kitwe)
_H1
_I8.95
_UAVAILABLE
_ZAnnex Low-Usage Collection
999 _c38148
_d38148